000 00362pab a2200145 454500
008 180718b1984 xxu||||| |||| 00| 0 eng d
100 _aSeetharam, G.N.
245 _aPublic sector in West Germany
260 _c1984
300 _a13-15
362 _a1 April
650 _aGovernment Enterprise - Germany (Federal Republic)
773 _aYojanaB
909 _a9254
999 _c9254
_d9254